US Counties with multiple County Seats - Statistics

General Stats
  • This quiz has been taken 6 times
  • The average score is 14 of 33
Answer Stats
State Seat 1 Seat 2 2025 pop Answer % Correct
MO Kansas City Independence 714,888 Jackson
83%
VT Bennington Manchester 37,490 Bennington
67%
MA Salem Lawrence 827,680 Essex
67%
MS Gulfport Biloxi 215,019 Harrison
67%
MS Jackson Clinton 201,728 Hinds
67%
MA Cambridge Lowell 1,676,515 Middlesex
67%
MA Plymouth Brockton 539,072 Plymouth
67%
AR Stuttgart DeWitt 15,701 Arkansas
50%
KY Newport Alexandria 94,257 Campbell
50%
AL Elba Enterprise 57,447 Coffee
50%
NH Manchester Nashua 431,345 Hillsborough
50%
KY Covington Independence 175,857 Kenton
50%
IA Keokuk Ft Madison 31,611 Lee
50%
AR Fort Smith Greenwood 132,909 Sebastian
50%
AL Pell City Ashville 98,776 St Clair
50%
AR Berryville Eureka Springs 29,013 Carroll
33%
MS Carrollton Vaiden 9,100 Carroll
33%
AR Piggott Corning 13,997 Clay
33%
GA Appling Evans 163,199 Columbia
33%
AR Jonesboro Lake City 117,192 Craighead
33%
AR Ozark Charleston 17,640 Franklin
33%
MS Laurel Ellisville 66,633 Jones
33%
AR Booneville Paris 21,386 Logan
33%
AR Blytheville Osceola 36,400 Mississippi
33%
MS Batesville Sardis 32,471 Panola
33%
AR Des Arc DeValls Bluff 7,626 Prairie
33%
MS Water Valley Coffeyville 12,510 Yalobusha
33%
MS Cleveland Rosedale 28,837 Bolivar
17%
MS Houston Okolona 16,589 Chickasaw
17%
MS Bay Springs Paulding 15,307 Jasper
17%
NY Waterloo Ovid 32,956 Seneca
17%
MS Charleston Sumner 11,121 Tallahatchie
17%
AR Dardanelle Danville 20,004 Yell
17%
No matching quizzes found
Score Distribution
Percent of People with Each Score
Percentile by Number Answered
Your Score History
You have not taken this quiz